|
|
|
|
| LEADER |
00000cam a2200000 7i4500 |
| 001 |
0000006978 |
| 005 |
20151222.0 |
| 008 |
070828 |
| 020 |
|
|
|a 9831280504
|
| 090 |
0 |
0 |
|a SC
|b ENG
|
| 245 |
1 |
0 |
|a Magnet
|
| 260 |
|
|
|a Kuala Lumpur :
|b Edaran Kemajuan ,
|c 2004
|
| 300 |
|
|
|a 28 projects
|
| 440 |
|
|
|a Young scientist
|
| 500 |
|
|
|a Children ages 10-12 years old (pink)
|
| 650 |
|
0 |
|a Junior fiction
|x English
|x Languages
|
| 650 |
|
0 |
|a Science
|
| 999 |
|
|
|a 0000899034
|b Book
|c Children Collection
|e Cawangan Tangkak
|
| 999 |
|
|
|a 0000952284
|b Book
|c Children Collection
|e Cawangan Pontian
|
| 999 |
|
|
|a 0000988100
|b Book
|c Children Collection
|e Cawangan Segamat
|
| 999 |
|
|
|a 0000988101
|b Book
|c Children Collection
|e Cawangan Pontian
|
| 999 |
|
|
|a 0000988102
|b Book
|c Children Collection
|e Cawangan Segamat
|
| 999 |
|
|
|a 0000988103
|b Book
|c Children Collection
|e Cawangan Sri Merlong
|
| 999 |
|
|
|a 0001080613
|b Book
|c Children Collection
|e Cawangan Bandar Penawar
|
| 999 |
|
|
|a 0001080619
|b Book
|c Children Collection
|e Cawangan Segamat
|
| 999 |
|
|
|a 000899030
|b Book
|c Children Collection
|e Cawangan Batu Pahat
|
| 999 |
|
|
|a 000899031
|b Book
|c Children Collection
|e Cawangan Batu Pahat
|